| 000 | 00636nam a2200241 a 4500 | ||
|---|---|---|---|
| 999 |
_c6171 _d6171 |
||
| 001 | 6171 | ||
| 003 | BD-JhCC | ||
| 005 | 20180125125013.0 | ||
| 008 | 180115s2007 bg |||| ||a| 000 0 eng d | ||
| 020 | _a987654323 | ||
| 020 | _a0470049502 | ||
| 035 | _a(BD-JhCC)6171 | ||
| 040 |
_aBD-JhCC _dBD-JhCC |
||
| 041 | _aeng | ||
| 082 |
_a006.5 _bIHN 2007 |
||
| 100 | _aIhnatko, Andy | ||
| 245 |
_aiPod Fully Loaded : _bif you've got it, you can iPod it / _cAndy Ihnatko |
||
| 260 |
_aCanada : _bWilley Publishing Inc, _c2007. |
||
| 300 |
_a276 p. : _c21 cm. |
||
| 650 | _aiPod (Digital music player) | ||
| 942 |
_2ddc _cBK |
||